|
|
|
|
| LEADER |
00000nam a2200000 a 4500 |
| 001 |
vtls010269372 |
| 003 |
SK-MaSNL |
| 005 |
20260426005409.0 |
| 008 |
180809s2010 xo a b 000 0 slo |
| 015 |
|
|
|a SNBA2012/11-05515
|
| 020 |
|
|
|a 9788080464905
|q (brož.)
|
| 040 |
|
|
|a SNK
|b slo
|c SNK
|e AACR2
|
| 041 |
0 |
|
|a slo
|a eng
|
| 044 |
|
|
|a xo
|c SK
|
| 072 |
|
7 |
|a 811.111
|x Angličtina
|2 konspekt
|
| 072 |
|
7 |
|a 821-93
|x Literatúra pre deti a mládež (beletria)
|2 konspekt
|
| 080 |
|
|
|a 811.111
|2 2001
|
| 080 |
|
|
|a (0.053.2)
|2 2001
|
| 080 |
|
|
|a (076.1)
|2 2001
|
| 245 |
0 |
0 |
|a Funny English
|b blue : hravá angličtina pre všetky veselé deti : pracovný zošit
|c [pripravil kolektív spolupracovníkov časopisu Fifík ... ; ilustrácie: Miroslav Regitko a Štefan Šilhan]
|
| 250 |
|
|
|a [1. vyd.]
|
| 260 |
|
|
|a Bratislava
|b Perfekt
|c 2010
|
| 300 |
|
|
|a 34 s.
|b ilustr.
|c 29 cm
|
| 490 |
1 |
|
|a Fifíkova knižnica
|
| 500 |
|
|
|a Názov z obalu
|
| 650 |
0 |
7 |
|a angličtina
|2 SNKPH
|9 1260
|
| 650 |
0 |
7 |
|a English language
|2 SNKPHeng
|9 279139
|
| 655 |
|
7 |
|a publikácie pre deti
|2 SNKPH
|9 70148
|
| 655 |
|
7 |
|a pracovné zošity
|2 SNKPH
|9 70188
|
| 655 |
|
7 |
|a Children's literature
|2 SNKPHeng
|9 276039
|
| 655 |
|
7 |
|a Activity books
|2 SNKPHeng
|9 302885
|
| 700 |
1 |
|
|a Regitko, Miroslav,
|d 1965-
|4 ill
|9 214883
|
| 700 |
1 |
|
|a Šilhan, Štefan,
|d 1936-
|4 ill
|9 345848
|
| 830 |
|
0 |
|a Fifíkova knižnica
|9 318519
|
| 919 |
|
|
|a 978-80-8046-490-5
|
| 968 |
|
|
|d 81
|
| 999 |
|
|
|c 1007108
|d 1009038
|
| 952 |
|
|
|a SNK
|b SNK
|y PREZ
|7 0
|p 17A0696058
|o snkOSB 16245
|i snk2011/8208
|8 0
|0 0
|1 0
|4 0
|d 2011-04-08
|l 0
|r 2026-02-24 12:39:51
|w 2026-02-24
|
| 952 |
|
|
|a SNK
|b SNK
|y PREZ
|7 0
|p 17A0696057
|o snkOSB 16245 D1
|i snk2011/8209
|8 0
|0 0
|1 0
|4 0
|d 2011-04-08
|l 0
|r 2026-02-24 12:39:51
|w 2026-02-24
|